El bebé con síndrome de Down: manual de estimulación temprana (Registro nro. 7945)
[ vista simple ]
| 000 -CABECERA | |
|---|---|
| campo de control de longitud fija | 00718nam a22002417a 4500 |
| 005 - FECHA Y HORA DE ACTUALIZACIÓN | |
| campo de control | 20190409090552.0 |
| 008 - LONGITUD FIJA | |
| campo de control de longitud fija | 160414b xxu||||| |||| 00| 0 spa d |
| 020 ## - INTERNATIONAL STANDARD BOOK NUMBER | |
| Número Internacional Estándar del Libro | 97896824191192 |
| 041 ## - IDIOMA | |
| Código de idioma del texto/pista de sonido o título separado | |
| 082 ## - CLASIFICACIÓN DECIMAL DEWEY | |
| Número de clasificación | 155.452 D582b |
| 100 ## - AUTOR PERSONAL | |
| Nombre de persona | Dmitriev, Valentine |
| 245 ## - TÍTULO PROPIAMENTE DICHO | |
| Título | El bebé con síndrome de Down: manual de estimulación temprana |
| 260 ## - PIE DE IMPRENTA | |
| Lugar de publicación, distribución, etc. | México |
| Nombre del editor, distribuidor, etc. | Trillas |
| Fecha de publicación, distribución, etc. | 2010 |
| 300 ## - DESCRIPCIÓN FÍSICA | |
| Extensión | 207 páginas |
| 650 ## - Materia General | |
| Materia general | SÍNDROME DE DOWN |
| 650 ## - Materia General | |
| Materia general | NIÑOS |
| 650 ## - Materia General | |
| Materia general | IMPACTO EMOCIONAL |
| 650 ## - Materia General | |
| Materia general | DESARROLLO MOTOR |
| 650 ## - Materia General | |
| Materia general | DESARROLLO COGNOSCITIVO |
| 650 ## - Materia General | |
| Materia general | INTERVENCIÓN TEMPRANA |
| 650 ## - Materia General | |
| Materia general | DESARROLLO DEL LENGUAJE |
| 942 ## - Punto de Acceso Adicional Koha | |
| Tipo de ítem Koha | Libro |
| Estado perdido | Estado dañado | No para préstamo | Biblioteca permanente | Biblioteca actual | Signatura completa | Código de barras | Tipo de ítem |
|---|---|---|---|---|---|---|---|
| Departamento de Biblioteca y Documentación Alfonso Chase Brenes | Departamento de Biblioteca y Documentación Alfonso Chase Brenes | 155.452 D582b | 21015 | Libro |